Crisis in indian democracy and gandhian alternative / (Record no. 38209)

MARC details
000 -LEADER
fixed length control field 00774nam a22002057a 4500
005 - DATE AND TIME OF LATEST TRANSACTION
control field 20100730113015.0
010 ## - LCCN (DPL NO)
LC control number ENG-97441
020 ## - INTERNATIONAL STANDARD BOOK NUMBER
International Standard Book Number 9788184840025
Terms of availability 800.00
035 ## - SYSTEM CONTROL NUMBER
System control number EN-80974
037 ## - SOURCE OF ACQUISITION
Source of stock number/acquisition DBAD/PUB
082 ## - DEWEY DECIMAL CLASSIFICATION NUMBER
Classification number 321.80954
100 ## - MAIN ENTRY--PERSONAL NAME
Personal name Jain, Vaishali
245 ## - TITLE STATEMENT
Title Crisis in indian democracy and gandhian alternative /
Statement of responsibility, etc by Vaishali jain
260 ## - PUBLICATION, DISTRIBUTION, ETC. (IMPRINT)
Place of publication, distribution, etc New Delhi
Name of publisher, distributor, etc Regal Publications
Date of publication, distribution, etc 2009
270 ## - ADDRESS
Address A-49/1, Mayapuri, Phase-1,
City New Delhi
Postal code 110 064
300 ## - PHYSICAL DESCRIPTION
Extent vi, 230p.
Dimensions 23 cm (Hb)
500 ## - GENERAL NOTE
General note Includes bibliagraphical references and index
942 ## - ADDED ENTRY ELEMENTS (KOHA)
Source of classification or shelving scheme Dewey Decimal Classification
Item type English Books
Classification part 321.80954
Call number suffix JAI
Holdings
Withdrawn status Lost status Not for loan Collection code Home library Current library Date acquired Source of acquisition Cost, normal purchase price Full call number Barcode Copy number Cost, replacement price Koha item type
    Not For Loan Non-fiction D.B.Act.Division D.B.Act.Division 30/07/2010 DBAD/PUB 800.00 321.80954 JAI EN-80974 1 800.00 English Books

© Delhi Public Library
Hit Counter
free hit counter